• 首页
  • 本馆介绍
  • 公告通知
  • 最新文献
  • 馆藏检索
  • 电子资源
  • 读者导购
  • 参考咨询
  • 我的图书馆
  • 登录
  • 详细信息显示
  • 放入我的书架
  • 预约/预借图书
  • 作者相关作品
  • 分类相关作品
  • 丛书相关作品
  • 出版社相关作品

书目信息

  • 表格格式
  • 工作单格式
  • 卡片格式
题名:
洛阳散记
    
 
作者: 宋垒 , 纪流 著
分册:  
出版信息: 北京   中国旅游出版社  1982
页数: 176页
开本: 19cm
丛书名:
单 册:
中图分类: K928.70
科图分类:
主题词: 地理--中国
电子资源:
ISBN:
000 00622nam0 2200241 45
001 0182002430
005 20060801165158.34
010    @dCNY0.76
091    @a10179.150
100    @a19950530d1982 em y0chiy0121 ea
101 0  @achi
102    @aCN@b110000
105    @af z 000cy
200 10 @a洛阳散记@Aluo yang san ji@f纪流, 宋垒著
210    @a北京@c中国旅游出版社@d1982
215    @a176页@c图@d19cm
606 0  @a地理@x中国
690    @aK928.70
701  0 @a宋垒@Asong lei@4著
701  0 @a纪流@Aji liu@4著
801  2 @aCN@bNLC@c20060801
801  0 @aCN@b上海图书馆@c20040315
905    @f1@b64624@dK928.70@e22
    
    洛阳散记/纪流, 宋垒著.-北京:中国旅游出版社,1982
    176页:图;19cm
    
    
    ISBN :CNY0.76
    
●
相关链接 在E读中查询图书 在五车中查询图书 在当当中查询图书 在豆瓣中查询图书


正题名:洛阳散记     索取号:K928.70/22         预约/预借

序号 登录号 条形码 馆藏地/架位号 状态 备注
1 0064624   001897709   密集书库/ [索取号:K928.70/22] 在馆    
2 0064626   000077892   第二样本阅览室/ [索取号:K928.70/22] 在馆    
3 0444112   204441121   密集书库/ [索取号:K928.70/22] 在馆    
4 0462724   204627243   密集书库/ [索取号:K928.70/22] 在馆    
5 0473240   204732405   密集书库/ [索取号:K928.70/22] 在馆    
唐山师范学院图书馆 欢迎您!
大连网信软件有限公司© 版权所有